000 01095nac a22003017a 4500
001 BR6900537
003 BR-BrBNA
005 20240105113348.0
008 230509b bl.|||m| |||| 00| 0 por d
040 _aBR-BrBNA
_bpor
_cBiblioteca Nacional de Agricultura
072 _aF24; F23; F26
090 _aF24 BR6900537
110 1 _aMinisterio da Agricultura, Rio de Janeiro, GB (Brasil). Equipe de Pedologia e Fertilidade do Solo
_96947
245 1 _aLevantamento de reconhecimento dos solos do nucleo colonial de Gurgueia [perfil do solo, aptidao agricola, Piaui, Brasil]
260 3 _aRio de Janeiro, GB (Brasil):
_c1969.
300 _a79 p.
490 _aBoletim Tecnico - Ministerio da Agricultura. Equipe de Pedologia e Fertilidade do Solo (Brazil)
_vno. 6
_x
500 _a1 Map, scale 1:25,000; 33 ref.
650 _aRECURSO DO SOLO
650 _aLEVANTAMENTO FISIOGRAFICO
650 _aPERFIL DO SOLO
650 _aAPTIDAO AGRICOLA
650 _aSOLO
650 _aGURGUEIA
650 _aPIAUI
909 _a202312
_bLúcia Elande
_c55
_dLúcia Elande
942 _2AGRIS
_n0
_cMS
999 _c263300
_d263300